000
00338nam a2200145Ia 4500
008
191201s2005 xx 000 0 und d
082
_a
005.133
_b
SYJ
100
_a
SYBEX
245
0
_a
JAVA 2, J2SE 1.4 Complete
250
_a
2nd
260
_a
N.Delhi
_b
BPB Publication
_c
2005
300
_a
1015
650
_a
B.Tech(IT)
942
_2
ddc
_c
BK
999
_c
3131
_d
3131